Integración del enfoque logístico actual en el diagnóstico estratégico de las empresas en perfeccionamiento empresarial

Integra el enfoque logístico actual en el diagnóstico estratégico de las empresas en perfeccionamiento empresarial.

Gorde:
Xehetasun bibliografikoak
Egile nagusia: Leyva García, José Manuel
Erakunde egilea: e-libro, Corp
Beste egile batzuk: Gómez Acosta, Martha Inés (Zuzendaria)
Formatua: eBook
Hizkuntza:gaztelania
Argitaratua: La Habana : Instituto Superior Politécnico José Antonio Echeverría. CUJAE, 2010.
Gaiak:
Sarrera elektronikoa:https://elibro.unach.elogim.com/es/lc/unach/titulos/85848
Etiketak: Etiketa erantsi
Etiketarik gabe, Izan zaitez lehena erregistro honi etiketa jartzen!

MARC

LEADER 00000nam a2200000 a 4500
001 ELB85848
003 FlNmELB
006 m o d |
007 cr cn|||||||||
008 201201r2010 cu |||||s|||||||||||spa d
024 8 |z 71208048210 
035 |a (MiAaPQ)EBC3202339 
035 |a (Au-PeEL)EBL3202339 
035 |a (CaPaEBR)ebr10609315 
035 |a (OCoLC)929378800 
040 |a FlNmELB  |b spa  |c FlNmELB 
050 4 |a HF5601-  |b L685 2010 
080 |a 657 
082 0 4 |a 657  |2 22 
100 1 |a Leyva García, José Manuel. 
245 1 0 |a Integración del enfoque logístico actual en el diagnóstico estratégico de las empresas en perfeccionamiento empresarial  |h [recurso electronico]  |c José Manuel Leyva García. 
260 |a La Habana :  |b Instituto Superior Politécnico José Antonio Echeverría. CUJAE,  |c 2010. 
300 |a 165 p. 
500 |a Tesis (maestría) - Instituto Superior Politécnico José Antonio Echeverría CUJAE. 
520 |a Integra el enfoque logístico actual en el diagnóstico estratégico de las empresas en perfeccionamiento empresarial. 
533 |a Recurso electrónico. Santa Fe, Arg.: e-libro, 2015. Disponible vía World Wide Web. El acceso puede estar limitado para las bibliotecas afiliadas a e-libro. 
650 4 |a Business and Economics.  |x Accounting.  |x Financial. 
650 4 |a Negocios y economía.  |x Contabilidad.  |x Financiera. 
655 4 |a Libros electrónicos. 
700 1 |a Gómez Acosta, Martha Inés.  |4 drt 
710 2 |a e-libro, Corp. 
856 4 0 |u https://elibro.unach.elogim.com/es/lc/unach/titulos/85848